000 00522nam a2200181Ia 4500
005 20250508160459.0
008 008 250505s9999 xx 000 0 eng d
037 _aTextual
040 _aFEDL
_beng
_cFEDL
041 _aeng
_2eng
084 _a371.805, HAR
_qFEDL
100 _aHardiment Melville
_9768601
245 0 _aMagazine production for schools
260 _aLondon, UK
_bMacdonald and Co. (Publishers) Ltd
_c1969
300 _a87p
942 _cTEXL
_h371.805, HAR
999 _c1364881
_d1364881